Subdivision capitals closest to Rijeka (HR) - Statistics

General Stats
  • This quiz has been taken 35 times
  • The average score is 10 of 20
Answer Stats
Distance (km) Answer % Correct
6 81 Ljubljana
96%
15 131 Zagreb
92%
4 64 Trieste
80%
19 148 Zadar
80%
7 89 Karlovac
76%
1 41 Pazin
68%
12 114 Gospić
64%
3 61 Koper
64%
20 152 Sisak
52%
14 126 Bihać
40%
13 119 Celje
40%
9 102 Kranj
40%
5 78 Novo Mesto
36%
2 53 Postojna
36%
17 145 Krapina
32%
8 93 Nova Gorica
24%
18 145 Klagenfurt
20%
16 140 Slovenj Gradec
20%
11 108 Krško
16%
10 103 Trbovlje
4%
No matching quizzes found
Score Distribution
Percent of People with Each Score
Percentile by Number Answered
Your Score History
You have not taken this quiz